banner koha

Listagem das estacoes hidrograficas realizadas na plataforma continental do Rio Grande do Sul (Brasil), de abril de 1968 a marco de 1969 (Registro n. 285777)

MARC details
000 -LÍDER
campo de controle de tamanho fixo 00866nac a22002417a 4500
001 - NÚMERO DE CONTROLE
campo de controle BR9403891
003 - IDENTIFICADOR DO NÚMERO DE CONTROLE
campo de controle BR-BrBNA
005 - DATA E HORÁRIO DA ÚLTIMA TRANSAÇÃO
campo de controle 20240105121523.0
008 - CAMPO DE DADOS FIXOS--INFORMAÇÃO GERAL
campo de controle de tamanho fixo 230509b bl.|||m| |||| 00| 0 por d
040 ## - FONTE DA CATALOGAÇÃO
Instituição da catalogação original BR-BrBNA
Idioma da catalogação por
Instituição que transcreveu o registro Biblioteca Nacional de Agricultura
072 ## - CÓDIGO DE CATEGORIA DE ASSUNTO
Código de Categoria de Assunto P10
090 ## - NÚMERO DE CHAMADA LOCAL
Número de chamada P10 BR9403891
110 1# - ENTRADA PRINCIPAL--NOME CORPORATIVO
Nome corporativo ou nome da jurisdição Universidade de Sao Paulo, SP (Brasil). Inst. Oceanografico
9 (RLIN) 10563
245 1# - TÍTULO
Título Listagem das estacoes hidrograficas realizadas na plataforma continental do Rio Grande do Sul (Brasil), de abril de 1968 a marco de 1969
260 3# - PUBLICAÇÃO, DISTRIBUIÇÃO, ETC.
Local de publicação, distribuição, etc. Sao Paulo, SP (Brasil):
Data da publicação, distribuição, etc. 1972.
300 ## - DESCRIÇÃO FÍSICA
Extensão 104 p.
490 ## - TÍTULO DA SÉRIE
Título da série Publicacao Especial do Instituto Oceanografico (Brazil)
Número do volume ou designação sequencial da série no. 1
ISSN - International Standard Serial Number ISSN 0100-5146
500 ## - NOTA GERAL
Nota geral 10 ref.
650 ## - ASSUNTO--TERMO TÓPICO
Cabeçalho tópico ou nome geográfico Hidrografia
650 ## - ASSUNTO--TERMO TÓPICO
Cabeçalho tópico ou nome geográfico Rio Grande do Sul
909 ## -
-- 202312
-- Lúcia Elande
-- 55
-- Lúcia Elande
942 ## - ELEMENTOS DE ENTRADA ADICIONADOS (KOHA)
Fonte da classificação ou esquema de arquivamento na estante Classificação AGRIS
Ocultar no OPAC Não
Tipo de material Koha Monografia Seriada
Exemplares
Situação do descarte Fonte da classificação ou esquema de arquivamento na estante Situação física Não pode ser emprestado Coleção Biblioteca de origem Biblioteca atual Localização na estante Total de empréstimos Número de telefone completo Código de barras Data de último acesso Tipo de material Koha Fonte de aquisição
  Classificação AGRIS       Biblioteca Nacional de Agricultura - Binagri Biblioteca Nacional de Agricultura - Binagri Agrobase - Acervo Geral   P10 BR9403891 P10 BR9403891 18/12/2023 Monografia Seriada Portaria Interministerial nº 164/94

BINAGRI

Telefone: (61)3218-2567/2388/3357/2097 - binagri@agro.gov.br

Ministério da Agricultura e Pecuária , Esplanada dos Ministérios, Bloco D, Anexo B, Brasília/DF, CEP: 70.043-900